00237nam a2200085Ia 4500008004100000100001800041245004000059260004300099260000900142170620s9999 xx 000 0 und d aSharma- R. A. 0aPhilosophical Problems of Education bMeerut- International Publishing House c2004